Statistics for Race Across the World Three Checkpoints

Click here to take the quiz!

General Stats

  • This quiz has been taken 7 times
  • The average score is 4 of 8

Answer Stats

HintAnswer% Correct
City in QuebecQuebec City
100%
Where the race finishedSt Johns
86%
In a skiing townBanff
57%
Home to polar bears in ManitobaChurchill
57%
In YukonDawson City
29%
Has the same name as a city in England (in Nova Scotia)Liverpool
29%
A small island in OntarioManitoulin
14%
On Graham IslandTlell
14%

Score Distribution

Percentile by Number Answered

Percent of People with Each Score

Your Score History

You have not taken this quiz